|
|
|
|
| LEADER |
00822nab a2200193 i 4500 |
| 001 |
publ9029 |
| 005 |
20191022121026.0 |
| 008 |
170503s2015 hu o 0|| zxx d |
| 022 |
|
|
|a 1335-1826
|
| 024 |
7 |
|
|a 3085604
|2 mtmt
|
| 040 |
|
|
|a SZTE Publicatio Repozitórium
|b hun
|
| 041 |
|
|
|a zxx
|
| 100 |
2 |
|
|a T. Tóth Tünde
|
| 245 |
1 |
2 |
|a A szocreál kritikája
|h [elektronikus dokumentum] :
|b Scheibner Tamás: A magyar irodalomtudomány szovjetizálása. A szocialista realista kritika és intézményei, 1945–1953 /
|c T. Tóth Tünde
|
| 260 |
|
|
|c 2015
|
| 300 |
|
|
|a 80-82
|
| 490 |
0 |
|
|a KALLIGRAM: MŰVÉSZET ÉS GONDOLAT
|v 24 No. 11
|
| 856 |
4 |
0 |
|u http://publicatio.bibl.u-szeged.hu/9029/1/Scheibner_TothTunde_u.pdf
|z Dokumentum-elérés
|
| 856 |
4 |
0 |
|u http://publicatio.bibl.u-szeged.hu/9029/7/kalligram_2015_nov_tartj.pdf
|z Dokumentum-elérés
|